000
00296nam a22001337a 4500
008
170523b xxu||||| |||| 00| 0 eng d
020
_a
9780754675600
041
_a
eng
080
_a
94
100
_a
16
101
_a
SHH
245
_a
THE CASE FOR CONGRESES
_c
HANSEN.V.M
942
_2
udc
_c
BK
999
_c
13889
_d
13889